| 000 | 01374cam a22002294a 4500 | ||
|---|---|---|---|
| 999 |
_c3536 _d3536 |
||
| 020 | _a0072287624 | ||
| 022 | _a 9780072287622 | ||
| 050 | 0 | 0 |
_aHF5635 _b.H35 |
| 100 | 1 | _aHaskins, Mark E. | |
| 245 | 1 | 0 |
_aInternational financial reporting and analysis : _ba contextual emphasis / _cMark E. Haskins, Kenneth R. Ferris, Thomas I. Selling. |
| 250 | _a2nd ed. | ||
| 260 |
_aBoston : _bIrwin/McGraw-Hill, _cc2000. |
||
| 300 |
_axii, 557 p. : _bill. ; _c27 cm. |
||
| 500 | _aincludes index | ||
| 505 | _apt. I. International Financial Reporting and Standard Setting -- 1. Accounting and Its Global Contexts -- 2. Harmonization of International Accounting and Reporting Standards -- 3. Financial Reporting and the European Union -- pt. II. Financial Statement Analysis -- 4. Financial Statement Analysis: An Overview -- 5. Special Issues in Financial Analysis -- 6. Accounting for Foreign Operations -- pt. III. Financial Reporting Practices and Contexts in Selected Countries -- 7. Great Britain -- 8. Germany -- 9. Japan -- 10. Sweden -- 11. Mexico -- 12. Republic of South Korea -- 13. Italy -- App. II. Overview of U.S. GAAP. | ||
| 650 | 0 |
_aAccounting. _xComparative accounting. |
|
| 650 | 0 |
_aFinancial statements. _xFinancial statements. |
|
| 650 | 0 | _aComparative accounting. | |
| 700 | 1 | _aFerris, Kenneth R. | |
| 700 | 1 | _aSelling, Thomas I. | |
| 942 | _cBK | ||